Aproximación al análisis costo-eficiencia en la educación formal boliviana
Gardado en:
| Autor Principal: | |
|---|---|
| Formato: | Texto |
| Publicado: |
La Paz:
Universidad católica Boliviana. IISEC. Fundación Ford
|
| Etiquetas: |
Engadir etiqueta
Sen Etiquetas, Sexa o primeiro en etiquetar este rexistro!
|
MARC
| LEADER | 00000 a a2200000 04500 | ||
|---|---|---|---|
| 001 | 14447 | ||
| 003 | |||
| 040 | |||
| 090 | |a 023200 | ||
| 100 | |a Virreira C., Rolando | ||
| 245 | |a Aproximación al análisis costo-eficiencia en la educación formal boliviana | ||
| 260 | |a La Paz: |b Universidad católica Boliviana. IISEC. Fundación Ford | ||
| 300 | |a 84 p. | ||
| 999 | |c 12660 |d 12660 | ||
